[Event "Bremen-ch"]
[Site "Bremen"]
[Date "2023.04.06"]
[Round "7"]
[White "Hinks Edwards, Thomas RJ"]
[Black "Chokhonelidze, Giorgi"]
[Result "1/2-1/2"]
[WhiteElo "2320"]
[BlackElo "2300"]
[PlyCount "97"]
[EventDate "2023.03.27"]
[EventType "swiss"]
[EventRounds "9"]
[EventCountry "GER"]
[SourceTitle "CBM 213 Extra"]
[Source "ChessBase"]
[SourceDate "2023.05.31"]
[SourceVersion "1"]
[SourceVersionDate "2023.05.31"]
[SourceQuality "1"]

1. d4 Nf6 2. Nf3 e6 3. Bf4 d5 4. e3 Be7 5. Bd3 0-0 6. Nbd2 c5 7. c3 Nc6 8. 0-0 Nh5 9. Bg3 Nxg3 10. hxg3 f5 11. Ne1 e5 12. dxe5 Nxe5 13. Bc2 Be6 14. Ndf3 Nc4 15. Nd3 Qd6 16. b3 Na3 17. Nf4 Nxc2 18. Qxc2 g5 19. Nxe6 Qxe6 20. c4 dxc4 21. Qxc4 Qxc4 22. bxc4 Bf6 23. Rab1 b6 24. Rfd1 Rad8 25. Kf1 Kf7 26. Ke2 h6 27. Rxd8 Rxd8 28. Ne1 Ke6 29. Nc2 Bc3 30. Rd1 Rxd1 31. Kxd1 Be5 32. Ne1 Kd6 33. Nd3 Bf6 34. Kc2 Kc6 35. a4 a6 36. Nc1 b5 37. axb5+ axb5 38. Kd3 b4 39. Nb3 Kd6 40. Ke2 Be7 41. f3 Ke6 42. g4 fxg4 43. fxg4 Kf6 44. Kf3 Kg6 45. Kg3 h5 46. Kf3 hxg4+ 47. Kxg4 Kf6 48. Kf3 Kf5 49. g4+ 1/2-1/2

[Event "Bremen-ch"]
[Site "Bremen"]
[Date "2023.04.04"]
[Round "5"]
[White "Giel, Olaf"]
[Black "Hinks Edwards, Thomas RJ"]
[Result "1/2-1/2"]
[WhiteElo "2120"]
[BlackElo "2320"]
[PlyCount "30"]
[EventDate "2023.03.27"]
[EventType "swiss"]
[EventRounds "9"]
[EventCountry "GER"]
[SourceTitle "CBM 213 Extra"]
[Source "ChessBase"]
[SourceDate "2023.05.31"]
[SourceVersion "1"]
[SourceVersionDate "2023.05.31"]
[SourceQuality "1"]

1. d4 d5 2. Nf3 c6 3. Bf4 Bf5 4. c3 Nf6 5. Qb3 Qb6 6. Nh4 Bxb1 7. Qxb6 axb6 8. Rxb1 Nbd7 9. a3 b5 10. e3 e6 11. Bd3 Be7 12. Nf3 0-0 13. Ne5 Nxe5 14. Bxe5 Nd7 15. Bg3 f5 1/2-1/2

[Event "CZE-chT1W 2223"]
[Site "Czech Republic"]
[Date "2023.01.29"]
[Round "7.3"]
[White "Priehoda, Vitezslav"]
[Black "Hinks Edwards, Thomas RJ"]
[Result "1/2-1/2"]
[WhiteElo "2257"]
[BlackElo "2328"]
[PlyCount "111"]
[EventDate "2022.10.09"]
[EventType "team-tourn"]
[EventRounds "11"]
[EventCountry "CZE"]
[SourceTitle "CBM 213 Extra"]
[Source "ChessBase"]
[SourceDate "2023.05.31"]
[SourceVersion "1"]
[SourceVersionDate "2023.05.31"]
[SourceQuality "1"]
[WhiteTeam "Lysa nad Labem II"]
[BlackTeam "Litomerice Slavoj"]
[WhiteTeamCountry "CZE"]
[BlackTeamCountry "CZE"]

1. c4 c5 2. Nc3 Nc6 3. Nf3 Nd4 4. e3 Nxf3+ 5. Qxf3 g6 6. b3 Bg7 7. Bb2 d6 8. g3 Rb8 9. Bg2 Bd7 10. Qe2 Bc6 11. 0-0 Bxg2 12. Kxg2 Nf6 13. d4 cxd4 14. exd4 0-0 15. d5 Re8 16. Rfe1 a6 17. a4 Qa5 18. Qc2 Nd7 19. Re2 Nc5 20. Rae1 Qb4 21. Ne4 Bxb2 22. Nxc5 Bc3 23. Nd3 Qa5 24. Rb1 Bf6 25. b4 Qc7 26. Qb3 a5 27. h4 Rec8 28. Re4 axb4 29. Qxb4 Ra8 30. Qxb7 Rxa4 31. Qxc7 Rxc7 32. Rb4 Ra3 33. Rb8+ Kg7 34. Nb4 Rc5 35. Nc6 Rc3 36. Nxe7 R3xc4 37. Rxc4 Rxc4 38. Rg8+ Kh6 39. Nc8 Be5 40. f4 Rc2+ 41. Kf1 Bd4 42. Nxd6 Kh5 43. Rc8 Rf2+ 44. Ke1 Ra2 45. Ne4 f5 46. Rc4 Bb6 47. Nf6+ Kh6 48. d6 Ba5+ 49. Kf1 Rd2 50. Rc5 Rxd6 51. g4 Bb6 52. g5+ Kg7 53. Rxf5 gxf5 54. Ne8+ Kg6 55. Nxd6 Bc7 56. h5+ 1/2-1/2

[Event "CZE-chT1W 2122"]
[Site "Czech Republic"]
[Date "2022.01.09"]
[Round "6.3"]
[White "Suran, Jan"]
[Black "Hinks Edwards, Thomas RJ"]
[Result "1/2-1/2"]
[WhiteElo "2382"]
[BlackElo "2349"]
[PlyCount "45"]
[EventDate "2021.10.10"]
[EventType "team-tourn"]
[EventRounds "11"]
[EventCountry "CZE"]
[SourceTitle "EXT 2023"]
[Source "ChessBase"]
[SourceDate "2022.10.05"]
[SourceVersion "1"]
[SourceVersionDate "2022.10.05"]
[SourceQuality "1"]
[WhiteTeam "Lysa nad Labem III"]
[BlackTeam "Kobylisy"]
[WhiteTeamCountry "CZE"]
[BlackTeamCountry "CZE"]

1. e4 c5 2. Nf3 e6 3. d4 cxd4 4. Nxd4 Nf6 5. Nc3 d6 6. Bc4 Be7 7. 0-0 0-0 8. Bb3 Na6 9. f4 Nc5 10. Qe2 Nxb3 11. axb3 a6 12. Kh1 Qc7 13. e5 dxe5 14. fxe5 Nd5 15. Nxd5 exd5 16. Bf4 Qb6 17. Rad1 Qg6 18. Rd3 Bg4 19. Qd2 Bc5 20. Rg3 Bxd4 21. Qxd4 Qe6 22. Be3 Bf5 23. Qd2 1/2-1/2

[Event "CZE-chT1W 1920"]
[Site "Czech Republic"]
[Date "2020.01.05"]
[Round "5.6"]
[White "Hinks Edwards, Thomas RJ"]
[Black "Soural, Jan"]
[Result "1/2-1/2"]
[WhiteElo "2351"]
[BlackElo "2190"]
[PlyCount "48"]
[EventDate "2019.10.20"]
[EventType "team-tourn"]
[EventRounds "11"]
[EventCountry "CZE"]
[SourceTitle "CBM 194 Extra"]
[Source "ChessBase"]
[SourceDate "2020.03.31"]
[SourceVersion "1"]
[SourceVersionDate "2020.03.31"]
[SourceQuality "1"]
[WhiteTeam "Neratovice"]
[BlackTeam "Pankrac"]
[WhiteTeamCountry "CZE"]
[BlackTeamCountry "CZE"]

1. e4 c5 2. Nf3 e6 3. d3 d5 4. Qe2 Be7 5. g3 Nf6 6. Bg2 Nc6 7. 0-0 0-0 8. e5 Nd7 9. c4 a6 10. h4 dxc4 11. dxc4 Qc7 12. Bf4 b5 13. Nbd2 Bb7 14. Rfd1 Rfd8 15. Rac1 Nf8 16. h5 h6 17. a3 Qb6 18. Qe3 Nd4 19. cxb5 axb5 20. Nxd4 cxd4 21. Qd3 Bxg2 22. Kxg2 b4 23. axb4 Qxb4 24. Nc4 Rac8 1/2-1/2

[Event "CZE-chT2B 1920"]
[Site "Czech Republic"]
[Date "2019.12.15"]
[Round "5.1"]
[White "Hinks Edwards, Thomas RJ"]
[Black "Horak, Michal"]
[Result "1/2-1/2"]
[WhiteElo "2355"]
[BlackElo "2299"]
[PlyCount "119"]
[EventDate "2019.10.13"]
[EventType "team-tourn"]
[EventRounds "11"]
[EventCountry "CZE"]
[SourceTitle "EXT 2024"]
[Source "ChessBase"]
[SourceDate "2023.10.10"]
[SourceVersion "1"]
[SourceVersionDate "2023.10.10"]
[SourceQuality "1"]
[WhiteTeam "Kobylisy"]
[BlackTeam "Udlice"]
[WhiteTeamCountry "CZE"]
[BlackTeamCountry "CZE"]

1. d4 Nf6 2. c4 g6 3. Nc3 Bg7 4. e4 0-0 5. Be3 d6 6. h3 c5 7. d5 b5 8. cxb5 a6 9. a4 Qa5 10. Bd2 axb5 11. Bxb5 Ba6 12. Ra3 Nbd7 13. Nf3 Bxb5 14. Nxb5 Qb6 15. Qc2 e6 16. dxe6 fxe6 17. e5 dxe5 18. 0-0 Nd5 19. Ng5 Rfc8 20. Ne4 Bf8 21. Raa1 c4 22. b3 cxb3 23. Qxb3 Nc5 24. Nxc5 Bxc5 25. a5 Qa6 26. Rab1 Rab8 27. Qa4 Rf8 28. Qc4 Qc6 29. Qe2 Rb7 30. Qxe5 Rxb5 31. Rxb5 Qxb5 32. Qxe6+ Rf7 33. a6 Qd7 34. Qe5 Qf5 35. Qe2 Nf4 36. Bxf4 Qxf4 37. Qe8+ Kg7 38. Qe2 h5 39. Qc2 Ba7 40. Qb2+ Bd4 41. Qe2 Kh6 42. Kh1 Ra7 43. g3 Qf6 44. Kg2 Rxa6 45. Rd1 Rd6 46. h4 Bb6 47. Rxd6 Qxd6 48. Qf3 Bd4 49. Qe4 Bf6 50. Qf3 Qd4 51. Kh3 Qd7+ 52. Kg2 Kg7 53. Qe4 Qf5 54. Qc4 Qe5 55. Qd3 Qd4 56. Qxd4 Bxd4 57. f3 Kf6 58. g4 hxg4 59. fxg4 Ke5 60. g5 1/2-1/2

[Event "CZE-chT2B 1920"]
[Site "Czech Republic"]
[Date "2019.12.01"]
[Round "4.1"]
[White "Neuman, Petr"]
[Black "Hinks Edwards, Thomas RJ"]
[Result "1/2-1/2"]
[WhiteElo "2366"]
[BlackElo "2355"]
[PlyCount "42"]
[EventDate "2019.10.13"]
[EventType "team-tourn"]
[EventRounds "11"]
[EventCountry "CZE"]
[SourceTitle "EXT 2024"]
[Source "ChessBase"]
[SourceDate "2023.10.10"]
[SourceVersion "1"]
[SourceVersionDate "2023.10.10"]
[SourceQuality "1"]
[WhiteTeam "Kolesovice Cesky Lev"]
[BlackTeam "Kobylisy"]
[WhiteTeamCountry "CZE"]
[BlackTeamCountry "CZE"]

1. e4 c5 2. Nc3 Nc6 3. Nf3 e5 4. Bc4 Be7 5. d3 Nf6 6. Nd2 0-0 7. Nf1 d6 8. Ne3 Ne8 9. a3 Bg5 10. Ncd5 Nc7 11. h4 Bxe3 12. Bxe3 Nxd5 13. Bxd5 Be6 14. Bxe6 fxe6 15. c3 b6 16. Qg4 Qe7 17. h5 d5 18. h6 g6 19. 0-0 d4 20. Bg5 Qd6 21. c4 Rf7 1/2-1/2

[Event "CZE-chT1W 1920"]
[Site "Czech Republic"]
[Date "2019.11.10"]
[Round "2.3"]
[White "Cerveny, Petr"]
[Black "Hinks Edwards, Thomas RJ"]
[Result "1-0"]
[WhiteElo "2330"]
[BlackElo "2351"]
[PlyCount "91"]
[EventDate "2019.10.20"]
[EventType "team-tourn"]
[EventRounds "11"]
[EventCountry "CZE"]
[SourceTitle "CBM 193 Extra"]
[Source "ChessBase"]
[SourceDate "2020.01.31"]
[SourceVersion "1"]
[SourceVersionDate "2020.01.31"]
[SourceQuality "1"]
[WhiteTeam "Polabiny II"]
[BlackTeam "Neratovice"]
[WhiteTeamCountry "CZE"]
[BlackTeamCountry "CZE"]

1. e4 d6 2. d4 Nf6 3. Nc3 e5 4. Nf3 exd4 5. Qxd4 Be7 6. Bg5 0-0 7. 0-0-0 Nc6 8. Qd2 a6 9. Kb1 Be6 10. Bd3 Nd7 11. h4 Nc5 12. Nd5 Nxd3 13. Nxe7+ Nxe7 14. Qxd3 f6 15. Bc1 Nc6 16. b3 a5 17. Nd4 Nxd4 18. Qxd4 a4 19. Bb2 Ra6 20. g4 c5 21. Qc3 axb3 22. axb3 b5 23. g5 b4 24. Qd3 c4 25. bxc4 fxg5 26. hxg5 Qa5 27. Qd4 Rf7 28. Rh6 Qa2+ 29. Kc1 Qxc4 30. g6 hxg6 31. Rxg6 Qxd4 32. Rxd4 Bh3 33. Rxb4 Ra8 34. Rb3 Bf1 35. Rbg3 Raa7 36. Rxd6 Ra8 37. f4 Re8 38. Be5 Kf8 39. Rdg6 Bc4 40. Rxg7 Rxg7 41. Bxg7+ Kf7 42. Be5 Bf1 43. Kd2 Rd8+ 44. Ke3 Rc8 45. c3 Rd8 46. Bd4 1-0

[Event "CZE-chT1W 1819"]
[Site "Czech Republic"]
[Date "2019.04.07"]
[Round "11.4"]
[White "Hinks Edwards, Thomas RJ"]
[Black "Liska, Jiri2222"]
[Result "1/2-1/2"]
[WhiteElo "2371"]
[BlackElo "2245"]
[PlyCount "97"]
[EventDate "2018.10.21"]
[EventType "team-tourn"]
[EventRounds "11"]
[EventCountry "CZE"]
[SourceTitle "CBM 189 Extra"]
[Source "ChessBase"]
[SourceDate "2019.06.03"]
[SourceVersion "1"]
[SourceVersionDate "2019.06.03"]
[SourceQuality "1"]
[WhiteTeam "Neratovice"]
[BlackTeam "Turnov Zikuda II"]
[WhiteTeamCountry "CZE"]
[BlackTeamCountry "CZE"]

1. e4 d5 2. exd5 Qxd5 3. Nf3 Nf6 4. d4 Bf5 5. Be2 e6 6. 0-0 c6 7. Nbd2 Nbd7 8. Nc4 Bg6 9. Re1 Be7 10. Nce5 Rd8 11. c4 Qa5 12. Nxg6 hxg6 13. a3 Qc7 14. b4 Bd6 15. g3 a5 16. c5 Be7 17. Bf4 Qc8 18. Bc4 b5 19. Bb3 Rh5 20. a4 axb4 21. Qe2 Nd5 22. Bxd5 Rxd5 23. axb5 cxb5 24. Qxb5 Kf8 25. Qxb4 g5 26. Be3 g4 27. Nd2 e5 28. Qb3 Qc6 29. Ra6 Qxa6 30. Qxd5 exd4 31. Bxd4 Nf6 32. Qe5 Re8 33. Qf5 Rd8 34. Be3 Rd5 35. Qb1 Qc8 36. Ne4 Kg8 37. Nxf6+ Bxf6 38. Qe4 Re5 39. Qf4 Qe6 40. Qb4 Be7 41. Qb8+ Kh7 42. c6 Bc5 43. c7 Bxe3 44. Rxe3 Rxe3 45. fxe3 Qxe3+ 46. Kf1 Qc1+ 47. Ke2 Qc2+ 48. Ke3 Qc3+ 49. Ke2 1/2-1/2

[Event "CZE-chT2B 1819"]
[Site "Czech Republic"]
[Date "2018.10.14"]
[Round "1.2"]
[White "Hinks Edwards, Thomas RJ"]
[Black "Vagner, Tomas"]
[Result "1/2-1/2"]
[WhiteElo "2371"]
[BlackElo "2182"]
[PlyCount "70"]
[EventDate "2018.10.14"]
[EventType "team-tourn"]
[EventRounds "11"]
[EventCountry "CZE"]
[SourceTitle "EXT 2022"]
[Source "ChessBase"]
[SourceDate "2021.10.06"]
[SourceVersion "1"]
[SourceVersionDate "2021.10.06"]
[SourceQuality "1"]
[WhiteTeam "Kobylisy"]
[BlackTeam "Most Chess"]
[WhiteTeamCountry "CZE"]
[BlackTeamCountry "CZE"]

1. e4 g6 2. d4 Bg7 3. f4 d5 4. e5 c5 5. dxc5 Nc6 6. Bb5 f6 7. Nf3 Bg4 8. Qe2 Bxf3 9. gxf3 Qc7 10. Nc3 0-0-0 11. exf6 Nxf6 12. Qe6+ Kb8 13. Bxc6 bxc6 14. Bd2 Nh5 15. Ne2 Rhf8 16. 0-0-0 Bh6 17. Rhe1 Nxf4 18. Nxf4 Bxf4 19. Bxf4 Rxf4 20. Rd3 Rdf8 21. Rb3+ Ka8 22. Qxe7 Qxe7 23. Rxe7 R4f7 24. Rbb7 Rxe7 25. Rxe7 h5 26. Re3 Kb7 27. Kd2 Ka6 28. a4 Ka5 29. Re6 Rxf3 30. Rxg6 Kxa4 31. Rxc6 Kb5 32. Rh6 Rh3 33. c6 Kb6 34. b4 Rxh2+ 35. Kc3 Rh4 1/2-1/2

[Event "CZE-chT1W 1718"]
[Site "Czech Republic"]
[Date "2018.02.18"]
[Round "8.5"]
[White "Hinks Edwards, Thomas RJ"]
[Black "Cerveny, Martin"]
[Result "1-0"]
[WhiteElo "2361"]
[BlackElo "2387"]
[PlyCount "103"]
[EventDate "2017.10.29"]
[EventType "team-tourn"]
[EventRounds "11"]
[EventCountry "CZE"]
[SourceTitle "EXT 2019"]
[Source "ChessBase"]
[SourceDate "2018.10.10"]
[SourceVersion "1"]
[SourceVersionDate "2018.10.10"]
[SourceQuality "1"]
[WhiteTeam "Neratovice"]
[BlackTeam "Polabiny II"]
[WhiteTeamCountry "CZE"]
[BlackTeamCountry "CZE"]

1. b3 e5 2. Bb2 Nc6 3. e3 Nf6 4. Bb5 Bd6 5. Na3 Na5 6. Be2 c5 7. Nb5 Bb8 8. d4 exd4 9. exd4 a6 10. Nc3 cxd4 11. Qxd4 d5 12. Nf3 Nc6 13. Qh4 0-0 14. 0-0-0 Be6 15. Ng5 h6 16. Nxe6 fxe6 17. Rhe1 Ne5 18. g3 b5 19. f4 Nf7 20. Bf3 Qc8 21. Qh3 Re8 22. Ne2 Ba7 23. Bxf6 gxf6 24. Bh5 a5 25. Bxf7+ Kxf7 26. Qh5+ Kg7 27. f5 Be3+ 28. Kb2 exf5 29. Nf4 Bxf4 30. gxf4 Rxe1 31. Rxe1 Qc5 32. Qxf5 a4 33. Qg4+ Kf8 34. Qg6 Qd4+ 35. Kb1 Qxf4 36. Rg1 Ke7 37. Re1+ Kf8 38. Rg1 Ke7 39. Qh7+ Kd6 40. Re1 Kc5 41. Qe7+ Kb6 42. Re6+ Ka5 43. Rxf6 Qd2 44. Qc7+ Kb4 45. Qd6+ Ka5 46. Rf4 Qe1+ 47. Kb2 a3+ 48. Qxa3+ Kb6 49. Rf6+ Kb7 50. Rf7+ Kb6 51. Qd6+ Ka5 52. Qc7+ 1-0

[Event "CZE-chT2A 1617"]
[Site "Czech Republic"]
[Date "2017.04.02"]
[Round "11.1"]
[White "Eret, Jonas"]
[Black "Hinks Edwards, Thomas RJ"]
[Result "1-0"]
[WhiteElo "2160"]
[BlackElo "2358"]
[PlyCount "85"]
[EventDate "2016.10.09"]
[EventType "team-tourn"]
[EventRounds "11"]
[EventCountry "CZE"]
[SourceTitle "EXT 2022"]
[Source "ChessBase"]
[SourceDate "2021.10.06"]
[SourceVersion "1"]
[SourceVersionDate "2021.10.06"]
[SourceQuality "1"]
[WhiteTeam "Plzen Kosutka"]
[BlackTeam "Praha Kobylisy"]
[WhiteTeamCountry "CZE"]
[BlackTeamCountry "CZE"]

1. d4 Nf6 2. Nf3 e6 3. Bf4 c5 4. e3 cxd4 5. exd4 Be7 6. Bd3 b6 7. 0-0 Bb7 8. Qe2 0-0 9. c4 d5 10. Rd1 Nc6 11. Nc3 Nb4 12. Bb1 dxc4 13. Be5 Rc8 14. Nd2 Ba6 15. Qf3 Nc6 16. Qh3 g6 17. Nf3 Nxe5 18. dxe5 Nd5 19. Be4 Bb7 20. Qh6 Rc5 21. Bxd5 Rxd5 22. Nxd5 Bxd5 23. h4 f5 24. Ng5 Bxg5 25. Qxg5 Qxg5 26. hxg5 b5 27. f3 Rc8 28. Rac1 a5 29. Kf2 Kf8 30. Ke3 Ke8 31. Rd4 b4 32. Rh4 Rc7 33. Rch1 c3 34. b3 Kd7 35. Rxh7+ Kc6 36. Rxc7+ Kxc7 37. Rh7+ Kc6 38. Kd3 a4 39. Kc2 axb3+ 40. axb3 Kc5 41. Rh6 Kd4 42. Rxg6 Kxe5 43. Rg8 1-0

[Event "CZE-chT1W 1617"]
[Site "Czech Republic"]
[Date "2016.12.04"]
[Round "4.3"]
[White "Sharashenidze, Akaki"]
[Black "Hinks Edwards, Thomas RJ"]
[Result "1-0"]
[WhiteElo "2343"]
[BlackElo "2368"]
[PlyCount "77"]
[EventDate "2016.10.16"]
[EventType "team-tourn"]
[EventRounds "11"]
[EventCountry "CZE"]
[SourceTitle "CBM 177 Extra"]
[Source "ChessBase"]
[SourceDate "2017.04.27"]
[SourceVersion "1"]
[SourceVersionDate "2017.04.27"]
[SourceQuality "1"]
[WhiteTeam "Praha Grop"]
[BlackTeam "Jicin II"]
[WhiteTeamCountry "CZE"]
[BlackTeamCountry "CZE"]

1. Nf3 Nf6 2. g3 d5 3. Bg2 c6 4. 0-0 Bg4 5. c4 e6 6. d4 Nbd7 7. cxd5 exd5 8. Nc3 Bd6 9. h3 Bh5 10. Nh4 0-0 11. Nf5 Bc7 12. b4 a6 13. Nh4 Bg6 14. Nxg6 hxg6 15. a4 b5 16. e4 dxe4 17. Nxe4 Nd5 18. Bg5 Qc8 19. Rc1 Qb7 20. a5 Rfe8 21. Qb3 Re6 22. Nc3 N7f6 23. Bxf6 Nxf6 24. d5 Re5 25. dxc6 Qa7 26. Nd5 Nxd5 27. Bxd5 Rf5 28. Kg2 Re8 29. Bf3 Bd6 30. Rfe1 Rfe5 31. Rxe5 Rxe5 32. Qd3 Qc7 33. Rd1 Re6 34. Qd4 Kf8 35. Qb6 Re8 36. Rxd6 Qxd6 37. c7 Qd7 38. Qc5+ Kg8 39. Bc6 1-0

[Event "CZE-chT2B 1516"]
[Site "Czech Republic"]
[Date "2016.04.17"]
[Round "11.1"]
[White "Hinks Edwards, Thomas RJ"]
[Black "Gregor, Jiri"]
[Result "1/2-1/2"]
[WhiteElo "2375"]
[BlackElo "2223"]
[PlyCount "28"]
[EventDate "2015.10.18"]
[EventType "team-tourn"]
[EventRounds "11"]
[EventCountry "CZE"]
[SourceTitle "EXT 2022"]
[Source "ChessBase"]
[SourceDate "2021.10.06"]
[SourceVersion "1"]
[SourceVersionDate "2021.10.06"]
[SourceQuality "1"]
[WhiteTeam "Jicin II"]
[BlackTeam "Litomerice"]
[WhiteTeamCountry "CZE"]
[BlackTeamCountry "CZE"]

1. e4 c6 2. d4 d5 3. exd5 cxd5 4. c4 Nf6 5. Nc3 Nc6 6. Bg5 Be6 7. c5 Ne4 8. Be3 Nxc5 9. dxc5 d4 10. Bxd4 Qxd4 11. Qxd4 Nxd4 12. 0-0-0 0-0-0 13. Nge2 Nxe2+ 14. Bxe2 g6 1/2-1/2

[Event "CZE-chT1W 1516"]
[Site "Czech Republic"]
[Date "2016.04.10"]
[Round "11.1"]
[White "Hinks Edwards, Thomas RJ"]
[Black "Votava, Jan"]
[Result "1/2-1/2"]
[WhiteElo "2396"]
[BlackElo "2521"]
[PlyCount "88"]
[EventDate "2015.10.11"]
[EventType "team-tourn"]
[EventRounds "11"]
[EventCountry "CZE"]
[SourceTitle "EXT 2017"]
[Source "ChessBase"]
[SourceDate "2016.10.25"]
[SourceVersion "1"]
[SourceVersionDate "2016.10.25"]
[SourceQuality "1"]
[WhiteTeam "Praha Kobylisy"]
[BlackTeam "Polabiny"]
[WhiteTeamCountry "CZE"]
[BlackTeamCountry "CZE"]

1. b3 Nf6 2. Bb2 d5 3. e3 g6 4. Bxf6 exf6 5. Nf3 Nd7 6. Be2 f5 7. 0-0 Nf6 8. c4 c6 9. Nc3 Bg7 10. Rc1 0-0 11. Qc2 Ne4 12. d4 Be6 13. cxd5 cxd5 14. Qb2 Rc8 15. Nb1 Qf6 16. g3 g5 17. Ne5 f4 18. exf4 gxf4 19. Nd2 Rxc1 20. Qxc1 Bh6 21. Nxe4 dxe4 22. Qb1 f3 23. Bc4 e3 24. fxe3 Bxe3+ 25. Kh1 Bxd4 26. Bxe6 Qxe5 27. Bg4 f2 28. Bf3 b6 29. Kg2 Rc8 30. Qe4 Qxe4 31. Bxe4 Rc3 32. Rd1 Be3 33. Bd3 Rc7 34. Bc4 a5 35. a4 Bc5 36. Rd5 h6 37. Rf5 Kg7 38. Rf3 Re7 39. Rf5 f6 40. Rf3 Re1 41. Rf5 Rg1+ 42. Kh3 Rd1 43. Kg2 Kg6 44. Rf3 Kg7 1/2-1/2

[Event "CZE-chT1W 1516"]
[Site "Czech Republic"]
[Date "2016.02.28"]
[Round "9.1"]
[White "Cernousek, Lukas"]
[Black "Hinks Edwards, Thomas RJ"]
[Result "1-0"]
[WhiteElo "2463"]
[BlackElo "2396"]
[PlyCount "61"]
[EventDate "2015.10.11"]
[EventType "team-tourn"]
[EventRounds "11"]
[EventCountry "CZE"]
[SourceTitle "EXT 2017"]
[Source "ChessBase"]
[SourceDate "2016.10.25"]
[SourceVersion "1"]
[SourceVersionDate "2016.10.25"]
[SourceQuality "1"]
[WhiteTeam "Unichess"]
[BlackTeam "Praha Kobylisy"]
[WhiteTeamCountry "CZE"]
[BlackTeamCountry "CZE"]

1. d4 e6 2. e4 d5 3. Nc3 Bb4 4. e5 c5 5. a3 cxd4 6. axb4 dxc3 7. Qg4 Kf8 8. Bd3 Qc7 9. Nf3 Nd7 10. 0-0 Ne7 11. Re1 Ng6 12. Qd4 Nb6 13. b3 Ne7 14. b5 Bd7 15. Ba3 Nbc8 16. Ng5 h6 17. Nh7+ Rxh7 18. Bxh7 Bxb5 19. Re3 a6 20. Rxc3 Qd8 21. Rf3 Be2 22. Rg3 Bh5 23. Qh4 Bg6 24. Bxg6 fxg6 25. Rxg6 Kf7 26. Rg3 Qc7 27. Qh5+ Kg8 28. Qe8+ Kh7 29. Bxe7 Qxe7 30. Qg6+ Kh8 31. Ra4 1-0

[Event "CZE-chT1W 1516"]
[Site "Czech Republic"]
[Date "2016.01.17"]
[Round "6.1"]
[White "Hinks Edwards, Thomas RJ"]
[Black "Vlasak, Lukas"]
[Result "1/2-1/2"]
[WhiteElo "2396"]
[BlackElo "2349"]
[PlyCount "42"]
[EventDate "2015.10.11"]
[EventType "team-tourn"]
[EventRounds "11"]
[EventCountry "CZE"]
[SourceTitle "CBM 170 Extra"]
[Source "ChessBase"]
[SourceDate "2016.02.25"]
[SourceVersion "1"]
[SourceVersionDate "2016.02.25"]
[SourceQuality "1"]
[WhiteTeam "Praha Kobylisy"]
[BlackTeam "Praha Vysehrad"]
[WhiteTeamCountry "CZE"]
[BlackTeamCountry "CZE"]

1. e4 c5 2. Nf3 g6 3. Bc4 Bg7 4. c3 e6 5. d4 cxd4 6. cxd4 d5 7. exd5 exd5 8. Bb5+ Bd7 9. Qb3 Nc6 10. Bg5 Nge7 11. Nc3 h6 12. Bf4 0-0 13. 0-0 Nf5 14. Qxd5 a6 15. Bc4 Qc8 16. Bb3 Ncxd4 17. Nxd4 Nxd4 18. Be5 Nxb3 19. Bxg7 Kxg7 20. axb3 Bc6 21. Qd4+ Kg8 1/2-1/2

[Event "CZE-chT2B 1516"]
[Site "Czech Republic"]
[Date "2015.11.22"]
[Round "3.1"]
[White "Hinks Edwards, Thomas RJ"]
[Black "Vykouk, Jan"]
[Result "0-1"]
[WhiteElo "2375"]
[BlackElo "2450"]
[PlyCount "116"]
[EventDate "2015.10.18"]
[EventType "team-tourn"]
[EventRounds "11"]
[EventCountry "CZE"]
[SourceTitle "EXT 2022"]
[Source "ChessBase"]
[SourceDate "2021.10.06"]
[SourceVersion "1"]
[SourceVersionDate "2021.10.06"]
[SourceQuality "1"]
[WhiteTeam "Jicin II"]
[BlackTeam "Most Chess"]
[WhiteTeamCountry "CZE"]
[BlackTeamCountry "CZE"]

1. e4 c5 2. Nf3 d6 3. c3 Nf6 4. Bd3 g6 5. 0-0 Bg7 6. Bc2 0-0 7. d4 Bg4 8. dxc5 dxc5 9. Nbd2 Nc6 10. h3 Be6 11. Qe2 h6 12. Nb3 Nd7 13. Bf4 Qb6 14. Nfd2 Rac8 15. Rac1 Rfd8 16. Be3 g5 17. f4 gxf4 18. Rxf4 Nce5 19. Kh1 Qc7 20. Rcf1 Ng6 21. R4f2 b6 22. Nf3 Nf6 23. Nh2 Qe5 24. Rxf6 Bxf6 25. Bxh6 Qg3 26. Rf3 Qh4 27. Be3 Be5 28. Nd2 Bxh2 29. Kxh2 Bg4 30. Qf1 Bxf3 31. Nxf3 Qf6 32. Qf2 e5 33. Qg3 Qg7 34. Bg5 f6 35. Be3 c4 36. Qf2 Rd7 37. Qe2 b5 38. a4 a6 39. axb5 axb5 40. b3 Qf7 41. Nd2 Kg7 42. bxc4 bxc4 43. Qh5 Rh8 44. Qe2 Rc7 45. Nf1 Qe6 46. Ng3 Nh4 47. Bf2 Kg8 48. Ba4 Rb7 49. Nh5 Ng6 50. Qf3 Rxh5 51. Qxh5 Nf4 52. Qf3 Qa6 53. Bd1 Rg7 54. Bg3 Qd6 55. Bxf4 exf4 56. Be2 Rg3 57. Bxc4+ Kg7 58. Qh5 f3 0-1